| 000 | 00546cam a22002291 4500 | ||
|---|---|---|---|
| 001 | sa 64005027 | ||
| 003 | DLC | ||
| 005 | 20260227112029.0 | ||
| 008 | 890629s1962 pk 000 1 urdr | ||
| 010 | _asa 64005027 | ||
| 035 | _a(OCoLC)19949472 | ||
| 040 |
_aDLC _cWaU _dDLC |
||
| 042 | _apremarc | ||
| 050 | 0 | 0 |
_aPK2200.C5 _bM42 |
| 100 | 1 | _aChandar, Krishan. | |
| 245 | 1 | 0 | _aMerī yādon̲ ke canār. |
| 260 | _c[1962] | ||
| 300 |
_a303 p. _c19 cm. |
||
| 500 | _aIn Urdu. | ||
| 500 | _aText partially vocalized. | ||
| 500 | _aA novel. | ||
| 999 |
_c58893 _d58893 |
||